000 00552nam a2200205Ia 4500
001 236
005 20251205092713.0
008 251203t1950||||xx |||||||||||||| ||spa||
041 _aESP
082 _aRO 909
_bP56
100 _aPijoan, José,
_cAUT
245 0 _aHistoria del mundo :
_bTomos 1-5
250 _aReimpresión revisada
260 _aBarcelona :
_bSalvat Editores,
_c1950
300 _aVarias paginaciones :
_b figuras ;
_c 25 cm.
650 _aGEH
653 _aHistoria universal; Colección
654 _aCTP
942 _cLIB
_dJUS
_fTRC
_2ddc
999 _c236
_d236